Phát huy dân chủ, tăng cường giám sát và phản biện xã hội để xây dựng sự đồng thuận và đại đoàn kết dân tộc /

Na minha lista:
Detalhes bibliográficos
Autor principal: Lê Thu, GS.
Formato: Atigo
Idioma:Vietnamese
Assuntos:
Tags: Adicionar Tag
Sem tags, seja o primeiro a adicionar uma tag!
Thư viện lưu trữ: Thư viện Trường Đại học Đà Lạt
LEADER 00843nam a2200265 4500
001 DLU120132026
005 ##20120224
040 # # |a DLU  |b vie 
041 # # |a vie 
044 # # |a vn 
100 # # |a Lê Thu,   |c GS. 
245 # # |a Phát huy dân chủ, tăng cường giám sát và phản biện xã hội để xây dựng sự đồng thuận và đại đoàn kết dân tộc /  |c Lê Thu. 
653 # # |a Đoàn kết dân tộc  
653 # # |a Nghĩa vụ 
653 # # |a Quyền lợi 
773 # # |t Khoa học xã hội Việt Nam  |g Số 2(39), 2010, tr. 17-24 
920 # # |a Phòng Tạp chí -- Trung tâm Thông tin - Thư viện Trường Đại học Đà Lạt 
994 # # |a DLU 
900 # # |a True 
911 # # |a Nguyễn Thị Linh Chi 
925 # # |a G 
926 # # |a A 
927 # # |a BB 
980 # # |a Thư viện Trường Đại học Đà Lạt